Cultura sexual nicaragüense: el heredado reino del desamor /
Se refiere a la forma en que viven la sexualidad las mujeres y los hombres nicaragüenses. Hace un recorrido desde el tiempo colonial, analizando elmachismo, el matrimonio, algunas doctrinas y creencias de la época, el honor, lavirtud y las apariencias. También abarca aspectos que afectan directament...
Guardat en:
| Autor principal: | |
|---|---|
| Format: | Text |
| Matèries: | |
| Etiquetes: |
Afegir etiqueta
Sense etiquetes, Sigues el primer a etiquetar aquest registre!
|
MARC
| LEADER | 00000 a a2200000 04500 | ||
|---|---|---|---|
| 001 | 7171 | ||
| 003 | |||
| 040 | |||
| 100 | |a Montenegro, Sofía | ||
| 245 | |a Cultura sexual nicaragüense: |b el heredado reino del desamor / |c Sofía Montenegro | ||
| 520 | |a Se refiere a la forma en que viven la sexualidad las mujeres y los hombres nicaragüenses. Hace un recorrido desde el tiempo colonial, analizando elmachismo, el matrimonio, algunas doctrinas y creencias de la época, el honor, lavirtud y las apariencias. También abarca aspectos que afectan directamente la vivencia de la sexualidad para estos hombres y mujeres, tales como la violencia, la educación sexual, el riesgo reproductivo, la familia y el abuso del alcohol./ICC/ | ||
| 650 | |a SEXUALIDAD | ||
| 650 | |a SOCIEDAD | ||
| 650 | |a ANALISIS HISTORICO | ||
| 650 | |a MATRIMONIO | ||
| 650 | |a IGLESIA | ||
| 650 | |a CREENCIA | ||
| 650 | |a MUJERES | ||
| 650 | |a DISCRIMINACION | ||
| 650 | |a DISCRIMINACION BASADA EN EL GENERO | ||
| 650 | |a VIOLENCIA | ||
| 650 | |a REPRODUCCION | ||
| 650 | |a FAMILIA | ||
| 650 | |a ALCOHOLISMO | ||
| 650 | |a SALUD | ||
| 650 | |a FAMILIA | ||
| 650 | |a MADRES | ||
| 773 | |g volumen 20, número 232; páginas 35-43 | ||
| 999 | |c 24595 |d 24595 | ||
